Marvel Characters Ending in 'Girl' by Picture - Statistics

General Stats
  • This quiz has been taken 27 times
  • The average score is 8 of 15
Answer Stats
Picture Answer % Correct
Shark-Girl
100%
Spider-Girl
100%
Squirrel Girl
96%
Marvel Girl
80%
Thor Girl
80%
Sandgirl
72%
Moon Girl
64%
U-Go Girl
48%
Giant-Girl
44%
Nature Girl
32%
Sun Girl (Mary Mitchell)
16%
Sun Girl (Selah Burke)
16%
Ultragirl
16%
Golden Girl
4%
Golden Girl (Gwendolyne Sabuki)
4%
No matching quizzes found
Score Distribution
Percent of People with Each Score
Percentile by Number Answered
Your Score History
You have not taken this quiz